Stream Data Processing : (Record no. 13544)
[ view plain ]
| 000 -LEADER | |
|---|---|
| fixed length control field | 01378nam a22003255a 4500 |
| 001 - CONTROL NUMBER | |
| control field | 15589696 |
| 005 - DATE AND TIME OF LATEST TRANSACTION | |
| control field | 20090116072201.0 |
| 008 - FIXED-LENGTH DATA ELEMENTS--GENERAL INFORMATION | |
| fixed length control field | 090115s2009 nyu |r 001 0 eng |
| 010 ## - LIBRARY OF CONGRESS CONTROL NUMBER | |
| LC control number | 2009920957 |
| 020 ## - INTERNATIONAL STANDARD BOOK NUMBER | |
| International Standard Book Number | 9780387710020 (hardcover : alk. paper) |
| 020 ## - INTERNATIONAL STANDARD BOOK NUMBER | |
| International Standard Book Number | 0387710027 (hardcover : alk. paper) |
| 020 ## - INTERNATIONAL STANDARD BOOK NUMBER | |
| International Standard Book Number | 9780387710037 (ebook) |
| 040 ## - CATALOGING SOURCE | |
| Original cataloging agency | DLC |
| Transcribing agency | DLC |
| 082 ## - DEWEY DECIMAL CLASSIFICATION NUMBER | |
| Edition number | 22 |
| Classification number | 004.35 |
| Item number | CHA |
| 100 1# - MAIN ENTRY--PERSONAL NAME | |
| Personal name | Chakravarthy, Sharma. |
| 9 (RLIN) | 12050 |
| 245 10 - TITLE STATEMENT | |
| Title | Stream Data Processing : |
| Remainder of title | A Quality of Service Perspective, Modeling, Scheduling, Load Shedding, and Complex Event Processing / |
| Statement of responsibility, etc | Sharma Chakravarthy, Qingchun Jiang. |
| 260 ## - PUBLICATION, DISTRIBUTION, ETC. (IMPRINT) | |
| Place of publication, distribution, etc | New York : |
| Name of publisher, distributor, etc | Springer, 2009 |
| Date of publication, distribution, etc | 2009. |
| 263 ## - PROJECTED PUBLICATION DATE | |
| Projected publication date | 0904 |
| 300 ## - PHYSICAL DESCRIPTION | |
| Extent | 324 p.: |
| Other physical details | ill. ; |
| Dimensions | 23 cm. |
| 490 0# - Series Statement | |
| Series statement | Advances in Database Systems ; |
| Volume/sequential designation | 37 |
| 504 ## - BIBLIOGRAPHY, ETC. NOTE | |
| Bibliography, etc | Includes bibliographical references (p.295-314) and index |
| 650 ## - SUBJECT ADDED ENTRY--TOPICAL TERM | |
| 9 (RLIN) | 12047 |
| Topical term or geographic name as entry element | Data flow computing |
| 650 ## - SUBJECT ADDED ENTRY--TOPICAL TERM | |
| 9 (RLIN) | 11339 |
| Topical term or geographic name as entry element | parallel processing (Electronic computers) |
| 650 ## - SUBJECT ADDED ENTRY--TOPICAL TERM | |
| 9 (RLIN) | 11309 |
| Topical term or geographic name as entry element | Database management. |
| 700 ## - ADDED ENTRY--PERSONAL NAME | |
| 9 (RLIN) | 12049 |
| Personal name | Jiang, Qingchun |
| 942 ## - ADDED ENTRY ELEMENTS (KOHA) | |
| Source of classification or shelving scheme | Dewey Decimal Classification |
| Item type | NB - Book (Non borrowing) |
| Withdrawn status | Item status | Source of classification or shelving scheme | Damaged status | Not for loan | Vendor | Home library | Current library | Shelving location | Date acquired | Source of acquisition | Total Checkouts | Full call number | Barcode | Date last seen | Koha item type | Date last borrowed |
|---|---|---|---|---|---|---|---|---|---|---|---|---|---|---|---|---|
| Dewey Decimal Classification | Baccah | Central Library | Central Library | Lower Floor | 01/03/2010 | 004.35 CHA | 000020020 | 15/07/2025 | NB - Book (Non borrowing) | |||||||
| Dewey Decimal Classification | Baccah | Central Library | Central Library | Lower Floor | 01/03/2010 | 1 | 004.35 CHA | 000020019 | 15/07/2025 | Book - Borrowing | 14/12/2016 |